000 00518nam a2200193 i 4500
001 bg
100 1 _aKOSOBUDZKI, Tadeusz
245 0 _aMSZ od przodu o dymisji Olechowskiego /
_cTadeusz Kosobudzki.
260 _aWarszawa :
_b"Interster",
_c1995.
300 _a161,[1] s. ;
_c20 cm.
650 9 _aPolityka zagraniczna
_zPolska
_yod 1993 r.
020 _a8390094665
040 _cBPK
041 _apol
080 _a32(438)
920 _a83-900946-6-5
942 _cKS
008 s pl f |000 0 pol
999 _c35344
_d35344
856 _uhttp://koha.tu.koszalin.pl/cgi-bin/koha/opac-detail.pl?biblionumber=35344
_yKatalog online BPK